000 00460nam a22001811a 4500
001 18807
003 OSt
005 20260204212422.0
008 180904s2007||||ck ||||||b||||||||||spa||
020 _a9589737102
082 _a624.1834 C744a
110 _aAsocreto
245 _aConcreto arquitectónico cómo obtener un buen acabado/Asocreto
264 _aBogotá:Asocreto
300 _a114 p.
650 _aConstrucciones de HormigónÌ
942 _2ddc
_cBK
999 _c18807
_d18807